Zhodnotenie finančnej situácie vybraného podniku bakalárska práca

Uložené v:
Podrobná bibliografia
Hlavný autor: Klimek, Miroslav
Korporativný autor: Podnikovohospodárska fakulta EU so sídlom v Košiciach. Katedra účtovníctva a financií
Ďalší autori: Czillingová, Jana
Médium: Kniha
Jazyk:Slovak
Vydavateľské údaje: Košice 2014
Tagy: Pridať tag
Žiadne tagy, Buďte prvý, kto otaguje tento záznam!

MARC

LEADER 00000nbm a2200000 4500
001 0189124
005 20220422113443.9
041 0 |a slo 
044 |a SK 
245 1 0 |a Zhodnotenie finančnej situácie vybraného podniku  |b bakalárska práca  |c Miroslav Klimek ; školiteľ: Jana Czillingová 
264 1 |a Košice  |c 2014 
300 |a 42 s. 
100 1 |a Klimek, Miroslav 
700 1 |a Czillingová, Jana 
710 2 |a Podnikovohospodárska fakulta EU so sídlom v Košiciach. Katedra účtovníctva a financií